[Event "FIDE World Rapid Team"]
[Site "Almaty KAZ"]
[Date "2024.08.03"]
[Round "6.15"]
[White "Nukin, Askhat"]
[Black "Zeynyshev, Elnur"]
[Result "1-0"]
[WhiteTitle "FM"]
[WhiteElo "2268"]
[BlackElo "1812"]
[WhiteTeam "Chess Ratel"]
[BlackTeam "Future GM"]
[WhiteFideId "13703625"]
[BlackFideId "13719386"]
[EventDate "2024.08.02"]

1. e4 c5 2. Nf3 e6 3. d4 cxd4 4. Nxd4 Nf6 5. Bd3 Nc6 6. Nxc6 bxc6 7. O-O d5 8.
Nd2 Be7 9. Qe2 O-O 10. c4 Qc7 11. b3 Bd6 12. g3 Bb7 13. Bb2 Be5 14. Bxe5 Qxe5
15. exd5 Qxe2 16. Bxe2 exd5 17. Rfe1 Rfe8 18. cxd5 cxd5 19. Bb5 Rxe1+ 20. Rxe1
Kf8 21. Nf3 Ne4 22. Bd3 Rc8 23. Nd4 g6 24. f3 Nc5 25. Bb5 a6 26. Bf1 Re8 27. Rd1
Rc8 28. Bh3 Re8 29. Kf2 f5 30. Bf1 Kf7 31. Rc1 Rc8 32. Re1 Re8 33. Rxe8 Kxe8 34.
Ke3 Kf7 35. b4 Nd7 36. Nb3 Kf6 37. Nc5 Nxc5 38. bxc5 Ke6 39. Kd4 h6 40. f4 g5
41. Bd3 gxf4 42. gxf4 Bc8 43. Be2 Bb7 44. Bh5 Bc6 45. Bg6 Kf6 46. Bh7 a5 47. Bg8
Kg6 48. Bxd5 Be8 49. Ke5 Bd7 50. c6 Bc8 51. Be6 Ba6 52. c7 Kh5 53. Kxf5 a4 54.
c8=Q Bxc8 55. Bxc8 a3 56. Ke6 Kh4 57. f5 Kh3 58. f6 Kxh2 59. f7 h5 60. f8=Q h4
61. Qxa3 h3 62. Ke5 Kg1 63. Qxh3 Kf2 64. a4 Ke1 65. Qg2 Kd1 66. a5 Kc1 67. a6
Kb1 68. a7 Kc1 69. a8=N 1-0

[Event "FIDE World Rapid Team"]
[Site "Almaty KAZ"]
[Date "2024.08.03"]
[Round "6.16"]
[White "Karepov, Ilya"]
[Black "Ulkhanov, Azamat"]
[Result "1/2-1/2"]
[WhiteElo "1719"]
[BlackElo "2006"]
[WhiteTeam "Future GM"]
[BlackTeam "Chess Ratel"]
[WhiteFideId "13728938"]
[BlackFideId "13700235"]
[EventDate "2024.08.02"]

1. d4 d6 2. Bf4 Nf6 3. Nf3 g6 4. Nc3 Bg7 5. Qd2 h6 6. O-O-O g5 7. Bg3 Bf5 8. e3
c6 9. Bd3 Bxd3 10. Qxd3 Nbd7 11. e4 Nh5 12. Rhe1 Nxg3 13. hxg3 Nf8 14. d5 Ng6
15. Nd4 Bxd4 16. Qxd4 Qb6 17. Qd2 O-O-O 18. f4 h5 19. e5 gxf4 20. gxf4 e6 21.
dxc6 dxe5 22. cxb7+ Qxb7 23. Qf2 exf4 24. a4 Qb6 25. Qf3 Qb7 26. Qe2 Rxd1+ 27.
Rxd1 Rd8 28. Qc4+ Qc7 29. Qa6+ Kb8 30. Qb5+ Ka8 31. Qxh5 Rxd1+ 32. Qxd1 Ne5 33.
Nb5 Qb8 34. Qd4 a6 35. Qe4+ Qb7 36. Qxe5 axb5 37. Qxb5 Qxg2 38. Qe8+ Ka7 39.
Qxf7+ Ka8 40. Qxf4 Qh1+ 41. Kd2 Qd5+ 42. Kc3 e5 43. Qf8+ Ka7 44. Qe7+ Ka8 45.
Qe8+ Ka7 46. Qb5 Qd4+ 47. Kb3 e4 48. Qe2 e3 49. c3 Qd5+ 50. Kc2 Qe4+ 51. Kc1 Qf4
52. b4 Qf2 53. Kd1 Qg1+ 54. Kc2 Qg6+ 55. Kb2 Qg3 56. Kc2 Qg6+ 57. Kc1 Qg1+ 58.
Qd1 Qf2 59. Qd4+ Kb8 60. Qd8+ Kb7 61. Qd7+ Kb8 62. Qd8+ Kb7 63. Qd7+ Kb8 1/2-1/2

[Event "FIDE World Rapid Team"]
[Site "Almaty KAZ"]
[Date "2024.08.03"]
[Round "6.17"]
[White "Gein, Dmitriy"]
[Black "Nauanova Zhaniya"]
[Result "1-0"]
[WhiteElo "1723"]
[BlackElo "1835"]
[WhiteTeam "Chess Ratel"]
[BlackTeam "Future GM"]
[WhiteFideId "13781022"]
[BlackFideId "13780956"]
[EventDate "2024.08.02"]

1. c4 c5 2. Nc3 Nf6 3. Nf3 d5 4. cxd5 Nxd5 5. e4 Nc7 6. d4 e6 7. d5 exd5 8. exd5
Bd6 9. Bd3 Nd7 10. Ne4 Nf6 11. Bg5 Be7 12. d6 Bxd6 13. Bxf6 gxf6 14. O-O Be7 15.
Qd2 Bg4 16. Rfe1 Ne6 17. Bb5+ Kf8 18. Qh6+ Ng7 19. Nxf6 Be6 20. Rad1 Qa5 21.
Nd7+ Kg8 22. Rxe6 Nxe6 23. Bc4 Qa4 24. b3 Qc6 25. Nfe5 Qc7 1-0

[Event "FIDE World Rapid Team"]
[Site "Almaty KAZ"]
[Date "2024.08.03"]
[Round "6.18"]
[White "Omar, Temirlan"]
[Black "Momyn, Madina"]
[Result "1-0"]
[WhiteElo "1874"]
[BlackElo "1733"]
[WhiteTeam "Future GM"]
[BlackTeam "Chess Ratel"]
[WhiteFideId "13723960"]
[BlackFideId "13748866"]
[EventDate "2024.08.02"]

1. d4 Nf6 2. Bf4 d6 3. Nc3 g6 4. e4 Bg7 5. Qd2 Nbd7 6. Nf3 c5 7. d5 a6 8. a4 b6
9. Bh6 O-O 10. Be2 Rb8 11. h4 Ne5 12. Nxe5 dxe5 13. h5 Bd7 14. g4 Bxg4 15. Bxg7
Kxg7 16. hxg6 Bxe2 17. Qh6+ Kg8 18. gxh7+ Kh8 19. Kxe2 Ng4 20. Qg5 f5 21. exf5
e6 22. Qxg4 exf5 23. Qg6 Rf6 24. Qg8+ Qxg8 25. hxg8=Q+ Kxg8 26. Rag1+ Kf7 27.
Rh7+ Ke8 28. Rg8+ 1-0

[Event "FIDE World Rapid Team"]
[Site "Almaty KAZ"]
[Date "2024.08.03"]
[Round "6.19"]
[White "Tuleyeva-Aketayeva, Dana"]
[Black "Khusnutdinov, Rustam"]
[Result "0-1"]
[WhiteTitle "WIM"]
[BlackTitle "GM"]
[WhiteElo "2130"]
[BlackElo "2429"]
[WhiteTeam "Abai Chess Team"]
[BlackTeam "Helicopter"]
[WhiteFideId "13701932"]
[BlackFideId "13701703"]
[EventDate "2024.08.02"]

1. Nf3 d5 2. d4 Nf6 3. g3 b5 4. Bg2 e6 5. O-O Bb7 6. a4 b4 7. Ne5 Nbd7 8. c4
bxc3 9. Nxd7 Qxd7 10. Nxc3 Be7 11. Bf4 O-O 12. Qb1 a5 13. Rc1 c5 14. dxc5 Bxc5
15. Nb5 Rfc8 16. Nc7 Rxc7 17. Bxc7 Qxc7 18. b4 axb4 19. Qxb4 Nd7 20. Rab1 Ba6
21. e3 Qd6 22. Qd2 Rd8 23. Ra1 Ne5 24. Qa5 Nc4 25. Qc3 h6 26. Rd1 Qe7 27. Bf1
Rc8 28. Qb3 Na5 29. Qb1 Nc4 30. Qb3 Ba7 31. Rdb1 Nd2 32. Bxa6 Nxb3 33. Bxc8 Nxa1
34. Rb7 Qc5 0-1

[Event "FIDE World Rapid Team"]
[Site "Almaty KAZ"]
[Date "2024.08.03"]
[Round "6.20"]
[White "Gubaydulin, Talgat"]
[Black "Akylbek, Zhaksylyk"]
[Result "1-0"]
[WhiteTitle "IM"]
[WhiteElo "2385"]
[BlackElo "1662"]
[WhiteTeam "Helicopter"]
[BlackTeam "Abai Chess Team"]
[WhiteFideId "14202174"]
[BlackFideId "13725980"]
[EventDate "2024.08.02"]

1. d4 d5 2. c4 c6 3. Nc3 e6 4. cxd5 exd5 5. Bf4 Bd6 6. Bxd6 Qxd6 7. e3 f5 8. Bd3
Nf6 9. Qc2 O-O 10. Nge2 Na6 11. a3 Nc7 12. O-O Ng4 13. Ng3 g6 14. Nce2 h5 15. h3
Nf6 16. Rfe1 Ne4 17. Nf1 h4 18. f3 Ng3 19. Nfxg3 hxg3 20. f4 Ne8 21. Nxg3 Nf6
22. Nf1 Bd7 23. Nd2 b6 24. b4 a5 25. Qb2 axb4 26. axb4 c5 27. Rxa8 Rxa8 28. bxc5
bxc5 29. dxc5 Qe7 30. Qe5 Qxe5 31. fxe5 Ne4 32. Bxe4 dxe4 33. Rc1 Kf7 34. c6 Rc8
35. Nxe4 fxe4 36. Rf1+ Bf5 37. g4 Ke6 38. gxf5+ gxf5 39. Rc1 Kxe5 40. c7 f4 41.
exf4+ Kxf4 42. Kf2 e3+ 43. Ke2 Ke4 44. h4 Kd4 45. h5 Ke4 46. h6 Kd4 47. h7 Ke4
48. h8=Q Rxh8 49. c8=Q Rh2+ 50. Kf1 Kd5 1-0

[Event "FIDE World Rapid Team"]
[Site "Almaty KAZ"]
[Date "2024.08.03"]
[Round "6.21"]
[White "Abuzyarov, Arlan"]
[Black "Rodionov, Adil"]
[Result "1/2-1/2"]
[WhiteElo "1851"]
[BlackElo "2353"]
[WhiteTeam "Abai Chess Team"]
[BlackTeam "Helicopter"]
[WhiteFideId "13726820"]
[BlackFideId "13701266"]
[EventDate "2024.08.02"]

1. d4 Nf6 2. Nf3 e6 3. g3 c5 4. Bg2 Nc6 5. O-O cxd4 6. Nxd4 Qb6 7. Nb3 d5 8. a4
Be7 9. a5 Qc7 10. Nc3 O-O 11. e4 dxe4 12. Nxe4 Nb4 13. Nc3 Qc4 14. Nd2 Qa6 15.
Nde4 Rd8 16. Nxf6+ Bxf6 17. Bd2 Bd7 18. Ne4 Be7 19. Bxb4 Bxb4 20. Nf6+ gxf6 21.
Qg4+ Kh8 22. Qxb4 Bc6 23. Qh4 Bxg2 24. Qxf6+ Kg8 25. Kxg2 Qc6+ 26. Kg1 Qxc2 27.
Rae1 Rd5 28. Re3 Rxa5 29. Rc3 Qf5 30. Qe7 Rb5 31. b4 Qg5 32. Qd7 Rd8 33. Qc7
Rxb4 1/2-1/2

[Event "FIDE World Rapid Team"]
[Site "Almaty KAZ"]
[Date "2024.08.03"]
[Round "6.22"]
[White "Primbetov, Kazbek"]
[Black "Matymov, Madi"]
[Result "1-0"]
[WhiteTitle "FM"]
[WhiteElo "2059"]
[BlackElo "1824"]
[WhiteTeam "Helicopter"]
[BlackTeam "Abai Chess Team"]
[WhiteFideId "13702297"]
[BlackFideId "13721283"]
[EventDate "2024.08.02"]

1. d4 d5 2. c4 c6 3. Nf3 Nf6 4. e3 e6 5. Nbd2 Nbd7 6. Bd3 Bd6 7. O-O O-O 8. Qc2
h6 9. Rd1 Re8 10. e4 dxe4 11. Nxe4 Nxe4 12. Bxe4 Nf6 13. Bd3 Qc7 14. c5 Bf4 15.
b4 Nd5 16. a3 a5 17. Rb1 axb4 18. axb4 Bxc1 19. Rdxc1 Bd7 20. Bh7+ Kh8 21. Ne5
Bc8 22. Be4 Nf6 23. Bf3 Qe7 24. b5 Bd7 25. bxc6 bxc6 26. Rb7 Reb8 27. Nxc6 Qe8
28. Rxb8 1-0

[Event "FIDE World Rapid Team"]
[Site "Almaty KAZ"]
[Date "2024.08.03"]
[Round "6.23"]
[White "Demezhanov, Tuleubek"]
[Black "Kovanova, Mariya"]
[Result "1-0"]
[BlackTitle "WFM"]
[WhiteElo "1776"]
[BlackElo "2118"]
[WhiteTeam "Abai Chess Team"]
[BlackTeam "Helicopter"]
[WhiteFideId "13707272"]
[BlackFideId "13704818"]
[EventDate "2024.08.02"]

1. e4 d5 2. exd5 Qxd5 3. Nc3 Qa5 4. Nf3 Nf6 5. Be2 Bf5 6. O-O e6 7. d4 Bd6 8.
Nb5 a6 9. Nxd6+ cxd6 10. Bg5 Nbd7 11. c4 O-O 12. Bf4 d5 13. c5 Rac8 14. Nh4 Bg6
15. Nxg6 hxg6 16. a3 Rfe8 17. b4 Qd8 18. Bg5 Qc7 19. Bf3 Ne4 20. Be3 Rcd8 21. a4
b6 22. Qd3 bxc5 23. dxc5 Ne5 24. Qxa6 Nxf3+ 25. gxf3 Nc3 26. Bd4 Ra8 27. Qd3
Nxa4 28. Qb3 Qd7 29. b5 e5 30. Rxa4 Rxa4 31. Qxa4 exd4 32. Qxd4 Qxb5 33. Qxd5
Re6 34. Rc1 Rc6 35. Rc4 Rc8 36. c6 Qb1+ 37. Kg2 Qa2 38. Qd7 Qa6 39. Rf4 Qxc6 40.
Qxf7+ 1-0

[Event "FIDE World Rapid Team"]
[Site "Almaty KAZ"]
[Date "2024.08.03"]
[Round "6.25"]
[White "Williams, Justus"]
[Black "Balguzhinov, Bakhyt"]
[Result "0-1"]
[WhiteTitle "IM"]
[WhiteElo "2361"]
[BlackElo "2155"]
[WhiteTeam "Kazakhstan dream team"]
[BlackTeam "Chessacademy_pvl"]
[WhiteFideId "2049929"]
[BlackFideId "13703854"]
[EventDate "2024.08.02"]

1. e4 e5 2. Nf3 Nc6 3. Bc4 Nf6 4. d3 Be7 5. O-O d6 6. c3 O-O 7. Re1 Be6 8. Nbd2
a6 9. Bb3 Bxb3 10. axb3 g6 11. Nf1 Nh5 12. Bh6 Re8 13. d4 Bf6 14. Ng3 Nxg3 15.
hxg3 Bg7 16. Qd2 Bxh6 17. Qxh6 Qf6 18. d5 Nb8 19. b4 Nd7 20. g4 Qg7 21. Qxg7+
Kxg7 22. g5 h6 23. c4 Rh8 24. gxh6+ Kxh6 25. g3 f5 26. Kg2 fxe4 27. Rh1+ Kg7 28.
Ng5 Nf6 29. b3 Rac8 30. Ne6+ Kf7 31. Rxh8 Rxh8 32. Nxc7 Ng4 33. Re1 Rh2+ 34. Kg1
Rxf2 35. Rxe4 Nf6 36. Rxe5 Rf3 37. Re6 Rxg3+ 38. Kf1 Rxb3 39. Rxd6 Rxb4 40. c5
a5 41. c6 a4 42. Nb5 bxc6 0-1

[Event "FIDE World Rapid Team"]
[Site "Almaty KAZ"]
[Date "2024.08.03"]
[Round "6.26"]
[White "Prokoptsov, Mikhail"]
[Black "Ishmukhametov, Adil"]
[Result "1/2-1/2"]
[WhiteElo "1702"]
[BlackElo "2077"]
[WhiteTeam "Chessacademy_pvl"]
[BlackTeam "Kazakhstan dream team"]
[WhiteFideId "447005122"]
[BlackFideId "13700170"]
[EventDate "2024.08.02"]

1. f4 d5 2. Nf3 f5 3. g3 Nf6 4. Bg2 e6 5. O-O c5 6. d3 Nc6 7. Nbd2 Be7 8. Re1
O-O 9. b3 d4 10. a4 Nd5 11. Nc4 a6 12. Bd2 Bf6 13. Qc1 Rb8 14. a5 Bd7 15. Qa3
Ncb4 16. Rac1 Bc6 17. Nfe5 Bb5 18. h3 Qc7 19. Kh2 Kh8 20. Bf3 g5 21. Rf1 gxf4
22. Bxf4 Nxf4 23. gxf4 Bxc4 24. Nxc4 Qxf4+ 25. Kh1 Qg3 26. Bg2 Rg8 27. Rg1 Bg5
28. Rcf1 Bf4 29. Rxf4 Qxf4 30. Qb2 Nd5 31. Qc1 Qxc1 32. Rxc1 Ne3 33. Nxe3 dxe3
34. Rf1 Rg3 35. Kh2 Rg6 36. Rf3 b6 37. axb6 Rxb6 38. Rxe3 Rg7 39. Re5 Rc7 40.
Kg3 Kg7 41. Re3 Kf6 42. Rf3 e5 43. Rf1 Rg7+ 44. Kh2 Ke6 45. Ra1 f4 46. Be4 h5
47. Bf3 h4 48. Ra5 Kd6 49. Be4 Ra7 50. Ra1 Rg7 51. Ra5 Rg3 52. Ra1 Rg7 53. Bf3
Ke6 54. Be4 Rd6 55. Ra5 Rc7 56. Ra1 Kf6 57. Rg1 Rg7 58. Ra1 Rb6 59. Ra5 Rc7 60.
Ra1 Rd6 61. Rg1 Rg7 62. Ra1 Ke6 63. Ra5 Rc7 64. Ra1 Kf6 65. Rg1 Rg7 66. Ra1 Rb6
67. Ra5 Rc7 68. Ra1 Re6 69. Rg1 Rg7 70. Ra1 Rd6 71. Ra5 Rc7 72. Ra1 Rb6 73. Rg1
Rg7 74. Ra1 Ke6 75. Ra5 Kd6 76. Ra1 Rg5 77. Ra5 Rg3 78. Ra1 Re3 79. Bf3 Rxf3 80.
exf3 Kd5 81. Ra4 Rg6 82. c3 Rg3 83. Rxa6 Rxf3 84. c4+ Kd4 85. Rd6+ Ke3 86. Rd5
e4 87. dxe4 Kxe4 88. Rxc5 Rxb3 89. Ra5 f3 90. Kg1 Rb1+ 91. Kf2 Rb2+ 92. Kf1 Kf4
93. Ra8 Kg3 94. Rg8+ Kxh3 95. c5 Rc2 96. Rh8 Kg3 97. Rg8+ Kh2 98. Rf8 Kg3 99.
Rg8+ Kh3 100. Rf8 Kg3 101. Rg8+ Kh2 102. Rf8 h3 103. Rxf3 Rxc5 104. Rf8 Rc1+
105. Kf2 Rg1 106. Rh8 Rg2+ 107. Kf1 Rg7 108. Rf8 Ra7 109. Rf6 Ra3 110. Kf2 Kh1
111. Rh6 Ra2+ 112. Kf1 Kh2 113. Rh7 Rg2 114. Rh8 Rg6 115. Rf8 Rg7 116. Rf6 Rg2
117. Rh6 Rg3 118. Rf6 Ra3 119. Kf2 Ra2+ 120. Kf1 Rg2 121. Rh6 Rg8 122. Rf6 Rg7
123. Rf8 Kh1 124. Rf3 Rg1+ 125. Kf2 Rg2+ 126. Kf1 Kh2 127. Rf8 Rg6 128. Rf3 Ra6
129. Rf7 Ra1+ 130. Kf2 Kh1 131. Rh7 Ra3 132. Rh6 Ra2+ 133. Kf1 Kh2 134. Rh7 Rg2
135. Rh6 Rg4 136. Rf6 Rg5 137. Rf3 Rg8 138. Kf2 Ra8 139. Rf7 Ra3 140. Kf1 Kg3
141. Rg7+ Kh2 142. Rf7 Kh1 143. Rf6 Rg3 144. Rf7 Rg1+ 145. Kf2 Rg2+ 146. Kf1 Ra2
147. Rh7 Kh2 148. Rg7 Ra1+ 149. Kf2 Ra2+ 150. Kf1 Rg2 151. Rh7 Rg5 152. Rf7 Kh1
153. Rf6 Rg3 154. Kf2 Rg8 155. Kf1 Rg2 156. Rf3 h2 157. Rf6 Rg1+ 158. Kf2 Rg8
159. Kf1 Rg2 160. Rf5 Ra2 161. Rf6 Ra1+ 162. Kf2 Rb1 163. Rf7 Rg1 164. Rf6 Rg2+
165. Kf1 Rd2 166. Rf5 Rd4 167. Rf6 Rd1+ 168. Kf2 Ra1 169. Rf5 Ra2+ 170. Kf1 Rb2
171. Rf6 Rg2 172. Rf5 Rg1+ 173. Kf2 Rg8 174. Rf6 Ra8 175. Kf1 Ra2 176. Rf5 Ra3
177. Rf6 Rg3 178. Rf5 Rg1+ 179. Kf2 Rg2+ 180. Kf1 1/2-1/2

[Event "FIDE World Rapid Team"]
[Site "Almaty KAZ"]
[Date "2024.08.03"]
[Round "6.27"]
[White "Ishmukhametova, Dilyara"]
[Black "Derksen, Vadim"]
[Result "1/2-1/2"]
[WhiteElo "1954"]
[BlackElo "1735"]
[WhiteTeam "Kazakhstan dream team"]
[BlackTeam "Chessacademy_pvl"]
[WhiteFideId "13703072"]
[BlackFideId "13737244"]
[EventDate "2024.08.02"]

1. e4 c5 2. Nf3 Nc6 3. Bb5 g6 4. O-O Bg7 5. Nc3 Nd4 6. Bc4 Nxf3+ 7. Qxf3 e6 8.
d3 a6 9. a4 Ne7 10. Bg5 O-O 11. Rfe1 d6 12. Bf6 Bxf6 13. Qxf6 Nc6 14. Qxd8 Rxd8
15. Ne2 b6 16. c3 d5 17. exd5 exd5 18. Bb3 Bf5 19. d4 c4 20. Ba2 Na5 21. Nf4 Ra7
22. Re5 Rad7 23. Rae1 Nc6 24. R5e2 Kf8 25. Bb1 Bxb1 26. Rxb1 g5 27. Nh5 Re7 28.
Rbe1 Rde8 29. Kf1 Rxe2 30. Rxe2 Rxe2 31. Kxe2 Ke7 32. f4 f6 33. Kf3 Kf7 34. f5
b5 35. axb5 axb5 36. g4 b4 37. Ke3 b3 38. Kd2 Ne7 39. Ng3 Nc8 40. Nf1 Ke7 41.
Ng3 Nd6 42. Ke3 Nb5 43. Kd2 Nd6 44. Ke3 Nc8 45. Kd2 Nd6 46. Ke3 Ne8 47. Nh5 Kf7
48. Ke2 Nd6 49. Ng3 Nb5 50. Kd2 Na7 51. Nh5 Nc8 52. Ng3 Nd6 53. Ke2 Ke7 54. Kd2
Kd7 55. Ke2 Kc6 56. Kd2 Kd7 57. Ke2 Ne8 58. Nh5 Ke7 59. Ng3 Nc7 60. Kd2 h6 61.
Ke2 Nb5 62. Kd2 Na7 63. Ke2 Nc6 64. Kd2 Na7 65. Ke2 Kf7 66. Kd2 Nb5 67. Nh5 Nd6
68. Ng3 Ne8 69. Nh5 Nc7 70. Ng3 Nb5 71. Nh5 Ke7 72. Ng3 Nd6 73. Ke2 Kd7 74. Kd2
Kc6 75. Ke2 Kb5 76. Kd2 Ka4 77. Kc1 Kb5 78. Kd2 Kc6 79. Kc1 Kd7 80. Kd2 Nc8 81.
Kc1 Ke7 82. Kd2 Nb6 83. Kc1 Na4 84. Nh5 Nb6 1/2-1/2

[Event "FIDE World Rapid Team"]
[Site "Almaty KAZ"]
[Date "2024.08.03"]
[Round "6.28"]
[White "Ivlev, Andrey"]
[Black "Zhunusov, Nurlan"]
[Result "0-1"]
[WhiteElo "1578"]
[BlackElo "1771"]
[WhiteTeam "Chessacademy_pvl"]
[BlackTeam "Kazakhstan dream team"]
[WhiteFideId "13747991"]
[BlackFideId "13708872"]
[EventDate "2024.08.02"]

1. e4 e5 2. Nf3 Nc6 3. Bb5 a6 4. Ba4 b5 5. Bb3 Na5 6. Nxe5 Nxb3 7. axb3 Qg5 8.
d4 Qxg2 9. Qf3 Qxf3 10. Nxf3 Bb7 11. Nbd2 f5 12. exf5 Ne7 13. O-O Nxf5 14. c3
Be7 15. Ne5 d6 16. Nd3 O-O 17. Re1 Rae8 18. Ne4 Nh4 19. Re2 Bd8 20. Ng3 Nf3+ 21.
Kf1 Nxh2+ 22. Kg1 Rxe2 23. Nxe2 Nf3+ 24. Kf1 Nh2+ 25. Ke1 Bh4 26. Bf4 Ng4 27.
Bg3 Bxg3 28. Nxg3 Rf3 29. Rd1 Nxf2 30. Nxf2 Rxg3 31. Rd2 Re3+ 32. Kf1 h5 33. Kg1
g5 34. Kh2 g4 35. Nd3 Rh3+ 36. Kg1 g3 37. Kf1 Rh1+ 38. Ke2 g2 39. Rd1 Rxd1 40.
Kxd1 g1=Q+ 0-1

[Event "FIDE World Rapid Team"]
[Site "Almaty KAZ"]
[Date "2024.08.03"]
[Round "6.29"]
[White "Beisikenov, Eduard"]
[Black "Semenov, Miroslav"]
[Result "1/2-1/2"]
[WhiteElo "1821"]
[BlackElo "1512"]
[WhiteTeam "Kazakhstan dream team"]
[BlackTeam "Chessacademy_pvl"]
[WhiteFideId "13785079"]
[BlackFideId "447010525"]
[EventDate "2024.08.02"]

1. e4 e5 2. Nf3 Nc6 3. Bc4 f5 4. d4 exd4 5. e5 Bb4+ 6. c3 dxc3 7. Nxc3 d5 8.
Bxd5 Nge7 9. Bxc6+ Nxc6 10. Qb3 Qe7 11. O-O Bxc3 12. bxc3 Qe6 13. Ba3 Qxb3 14.
axb3 Be6 15. c4 h6 16. Rfd1 Rd8 17. Rxd8+ Kxd8 18. Rd1+ Kc8 19. Kf1 Rd8 20.
Rxd8+ Kxd8 21. Ke1 g5 22. Bb2 a5 23. Nd2 Kd7 24. f3 Bf7 25. g3 Ke6 26. f4 Nb4
27. Ke2 Bh5+ 28. Ke3 c5 29. Nf3 g4 30. Nd2 Be8 31. Nb1 a4 32. bxa4 Bxa4 33. Kd2
b6 34. Bc3 Na6 35. Na3 Nc7 36. Kd3 b5 37. Ba5 b4 38. Bxc7 bxa3 39. Kc3 a2 40.
Kb2 Bb3 41. Bd6 Bxc4 42. Bxc5 Kd5 43. Bf8 h5 44. e6 Kxe6 45. Bg7 Kd6 46. Kc2 Be6
47. Bb2 Kc5 48. Kc3 Kd5 49. Kd3 Bd7 50. Be5 Bb5+ 51. Ke3 Kc4 52. Kd2 Kb3 53. Kc1
Bd3 54. Ba1 Be4 1/2-1/2

[Event "FIDE World Rapid Team"]
[Site "Almaty KAZ"]
[Date "2024.08.03"]
[Round "6.30"]
[White "Sembay, Aisana"]
[Black "Sakenov, Askar"]
[Result "0-1"]
[WhiteElo "1527"]
[BlackElo "1715"]
[WhiteTeam "Chessacademy_pvl"]
[BlackTeam "Kazakhstan dream team"]
[WhiteFideId "13791281"]
[BlackFideId "13713655"]
[EventDate "2024.08.02"]

1. e4 c6 2. d4 d5 3. Nc3 dxe4 4. Nxe4 Bf5 5. Ng3 Bg6 6. Nf3 Nd7 7. Bd3 Bxd3 8.
Qxd3 e6 9. O-O Ngf6 10. Re1 Be7 11. c3 O-O 12. Ne4 Nxe4 13. Qxe4 Nf6 14. Qe2 Qc7
15. Bg5 c5 16. Rad1 Rad8 17. h3 h6 18. Bh4 a6 19. Qc2 cxd4 20. Rxd4 Rxd4 21.
Nxd4 Rd8 22. Qe2 Qc5 23. Qe5 Qc4 24. a3 Nd7 25. Qg3 Bxh4 26. Qxh4 Nf6 27. Qf4 b5
28. Qe5 Qa2 29. Qe2 Qd5 30. Qe5 Qc4 31. Qe2 Qc8 32. Qe5 Rd5 33. Qe2 Qd7 34. Kh1
Qd6 35. Kg1 Nh5 36. Qf3 Nf4 37. Qg3 Rg5 38. Qh2 Rxg2+ 39. Qxg2 Nxg2 40. Kxg2 Qf4
41. Rd1 Qe4+ 42. f3 Qe3 0-1

[Event "FIDE World Rapid Team"]
[Site "Almaty KAZ"]
[Date "2024.08.03"]
[Round "6.31"]
[White "Yermekov, Kairat"]
[Black "Erzhanov, Arman"]
[Result "1/2-1/2"]
[BlackTitle "FM"]
[WhiteElo "2076"]
[BlackElo "2114"]
[WhiteTeam "VKO Team"]
[BlackTeam "Kyrgyz Chess Academy"]
[WhiteFideId "13702203"]
[BlackFideId "4138821"]
[EventDate "2024.08.02"]

1. d4 d6 2. c4 e5 3. Nf3 e4 4. Nfd2 f5 5. Nc3 Nf6 6. e3 g6 7. f3 exf3 8. Qxf3
Nc6 9. Bd3 Bg7 10. O-O O-O 11. Rd1 Re8 12. Nf1 Qe7 13. Bd2 Be6 14. a3 Rad8 15.
Be1 d5 16. c5 Ne4 17. Rac1 Bh6 18. Bxe4 fxe4 19. Qe2 Qd7 20. h3 Ne7 21. Bg3 Nf5
22. Be5 Rf8 23. Nb5 c6 24. Nd6 Nxd6 25. Bxd6 Rf7 26. Kh2 Bf8 27. Be5 Be7 28. Ng3
h5 29. Rf1 h4 30. Nh1 Rdf8 31. Rxf7 Rxf7 32. Rf1 Bg5 33. Rf4 Bxf4+ 34. exf4 b6
35. Qe1 Rh7 36. Nf2 bxc5 37. dxc5 Qb7 38. Qd2 Qb3 39. Nxe4 dxe4 40. Qd8+ Kf7 41.
Qc7+ Kg8 42. Qd8+ Kf7 43. Qc7+ Kg8 44. Qd8+ 1/2-1/2

[Event "FIDE World Rapid Team"]
[Site "Almaty KAZ"]
[Date "2024.08.03"]
[Round "6.32"]
[White "Markov, Mikhail KGZ"]
[Black "Nyshanbayev, Bolat"]
[Result "1-0"]
[WhiteTitle "IM"]
[WhiteElo "2255"]
[BlackElo "2091"]
[WhiteTeam "Kyrgyz Chess Academy"]
[BlackTeam "VKO Team"]
[WhiteFideId "13800698"]
[BlackFideId "13704435"]
[EventDate "2024.08.02"]

1. c4 e6 2. Nf3 d5 3. g3 c6 4. Qc2 f5 5. Bg2 Nf6 6. O-O Be7 7. d4 O-O 8. Ne5
Nbd7 9. Nd3 Ne4 10. b3 Qe8 11. Nd2 Ndf6 12. Nf3 b6 13. Nfe5 Bb7 14. c5 bxc5 15.
dxc5 Nd7 16. Nxd7 Qxd7 17. Bb2 Bf6 18. f3 Ng5 19. b4 Qc7 20. f4 Nf7 21. Bxf6
gxf6 22. a4 Ba6 23. b5 cxb5 24. Nb4 Qb7 25. Qd3 Rab8 26. Rfb1 1-0

[Event "FIDE World Rapid Team"]
[Site "Almaty KAZ"]
[Date "2024.08.03"]
[Round "6.33"]
[White "Shevchenko, Alexandr"]
[Black "Zheenbekov, Nurgazy"]
[Result "0-1"]
[WhiteElo "1814"]
[BlackElo "2124"]
[WhiteTeam "VKO Team"]
[BlackTeam "Kyrgyz Chess Academy"]
[WhiteFideId "13756478"]
[BlackFideId "13800485"]
[EventDate "2024.08.02"]

1. e4 e5 2. Nf3 Nc6 3. Bc4 Nf6 4. d3 Be7 5. Nc3 O-O 6. Be3 d6 7. h3 Na5 8. Bb3
Nxb3 9. axb3 c5 10. Qe2 Re8 11. g4 d5 12. g5 d4 13. gxf6 Bxf6 14. Nd5 dxe3 15.
Qxe3 Be6 16. Nxf6+ Qxf6 17. O-O-O a5 18. Rdg1 a4 19. bxa4 Rxa4 20. Qg5 Qxg5+ 21.
Nxg5 Bd7 22. h4 h5 23. Kd2 c4 24. Ra1 cxd3 25. Rxa4 Bxa4 26. cxd3 Bc6 27. Ra1
Rd8 28. Ke3 g6 29. Ra5 Re8 30. Nf3 f6 31. Nd2 Rd8 32. Nc4 Kf7 33. Ra7 Ke6 34.
Ra3 f5 35. Ra5 fxe4 36. dxe4 Rd1 37. Rxe5+ Kf6 38. f3 Rh1 39. Rc5 Rxh4 40. Na5
Bd7 41. Nxb7 Rh2 42. e5+ Ke6 43. Rc7 Bb5 44. Rc5 Rxb2 45. Nd8+ Kd7 46. Nf7 Rb3+
47. Kf4 Rb4+ 48. Kg5 h4 49. f4 h3 50. Rc2 Ke7 51. Nh6 Rb1 52. Kg4 Bd7+ 53. Kg3
Rb3+ 54. Kh2 Rf3 55. Ng8+ Kf8 56. Nf6 Bf5 57. Rc4 Rf2+ 58. Kh1 Be6 59. Rb4 Ra2
60. Rb6 Bc4 61. Rb8+ Kf7 62. Rh8 Be6 63. Rh7+ Kf8 64. Nd7+ Ke8 65. Nf6+ Kd8 66.
Rh8+ Kc7 67. Rh7+ Kc6 68. Rh6 Bf5 69. Kg1 Kc5 70. Rh4 Kd4 71. Ng4 Rg2+ 72. Kf1
Rxg4 73. Rxg4 Bxg4 74. Kf2 Ke4 75. Kg3 Be6 0-1

[Event "FIDE World Rapid Team"]
[Site "Almaty KAZ"]
[Date "2024.08.03"]
[Round "6.34"]
[White "Zlotnik, Andrey"]
[Black "Sadybekov, Adilzhan"]
[Result "1-0"]
[WhiteElo "2096"]
[BlackElo "1674"]
[WhiteTeam "Kyrgyz Chess Academy"]
[BlackTeam "VKO Team"]
[WhiteFideId "54107385"]
[BlackFideId "13764799"]
[EventDate "2024.08.02"]

1. d4 Nf6 2. Nc3 d5 3. Bf4 c6 4. Nf3 Bf5 5. e3 e6 6. Ne5 Bb4 7. f3 Qa5 8. Qd2
Nbd7 9. h4 h5 10. Bd3 Nxe5 11. Bxe5 Bxd3 12. cxd3 Nd7 13. Bf4 c5 14. dxc5 Nxc5
15. O-O Na4 16. Rfc1 O-O 17. a3 Bxc3 18. bxc3 Rfc8 19. Rab1 b6 20. Rb4 Rc6 21.
Qe1 Rac8 22. Kh2 Nc5 23. Rd1 Qa6 24. Qg3 e5 25. Bxe5 Rg6 26. Qh3 Re8 27. d4 Nd3
28. Qd7 Rge6 29. Ra4 Nxe5 30. Qxe8+ Rxe8 31. Rxa6 Nc6 32. Re1 f5 33. Kg3 Re7 34.
Ra4 a5 35. c4 Nxd4 36. cxd5 Nc2 37. Re2 Nxe3 38. d6 f4+ 39. Rxf4 Nf5+ 40. Kf2
Rxe2+ 41. Kxe2 Nxd6 42. a4 Nb7 43. Rf5 Nc5 44. Rxc5 bxc5 45. Kd3 Kf7 46. Kc4 Ke6
47. Kxc5 Ke5 48. Kb5 Kf4 49. Kxa5 Kg3 50. Kb4 Kxh4 51. a5 Kg3 52. a6 Kxg2 53. a7
Kxf3 54. a8=Q+ Kg3 55. Qb8+ Kh3 56. Qc8+ Kh4 57. Qc4+ Kg3 58. Qc3+ 1-0